000 00282nam a22001337a 4500
008 181107b xxu||||| |||| 00| 0 eng d
020 _a0809122448
041 _aeng
080 _a101
100 _a24
101 _aFIL
245 _aBusiness Ethics
_cStevens,E
942 _2udc
_cBK
999 _c52056
_d52056